| 000 | 00686nam a2200241 a 4500 | ||
|---|---|---|---|
| 005 | 20250326063754.0 | ||
| 008 | 020417s1992 mx r 000 0 spa d | ||
| 020 | _a9800105581 | ||
| 035 | _aUPN01000116941 | ||
| 049 | _aCG | ||
| 050 | 4 |
_aBR85 _bK6.38 1992 |
|
| 100 | 1 |
_aKolakowski, Leszek, _d1927-2009 _928837 |
|
| 245 | 1 | 0 |
_aConversaciones con el diablo : _bocho discursos sobre el mal y dos piezas / _cLeszek Kolakowski. |
| 250 | _a2a ed. | ||
| 260 |
_aCaracas : _bMonte Avila, _c1992. |
||
| 300 | _a196 p. | ||
| 440 | 0 | _aContinentes | |
| 650 | 2 |
_aTeologĂa _919173 |
|
| 650 | 4 |
_aATEISMO _98522 |
|
| 650 | 0 |
_aCristianismo _911436 |
|
| 650 | 4 |
_aComunismo _96792 |
|
| 905 | _aLibro | ||
| 999 |
_c89569 _d89569 |
||